Normal view
MARC view
Entry Topical Term
001 - CONTROL NUMBER
- control field: 31638
003 - CONTROL NUMBER IDENTIFIER
- control field: ARRUPE
005 - DATE AND TIME OF LATEST TRANSACTION
- control field: 20170530091027.0
008 - FIXED-LENGTH DATA ELEMENTS
- fixed length control field: 170530|| aca||aabn | a|a d
040 ## - CATALOGING SOURCE
- Original cataloging agency: ARRUPE
- Transcribing agency: ARRUPE
150 ## - HEADING--TOPICAL TERM
- Topical term or geographic name as entry element: Karagwe, Tanzania (District)
- General subdivision: History
670 ## - SOURCE DATA FOUND
- Source citation: Work cat.: (ARRUPE)29581: Katoke, Israel K 31637, The Karagwe kingdom, 1975